Anglo-American Cataloguing Rules : prepared under the direction of the Joint Steering Committee for Revision of AACR, a committee of the American Library Association ...[et.al]

Bibliographic Details
Corporate Authors: American Library Association, Joint Steering Committee for Revision of AACR
Format: Book
Published: Chicago : American Library Association , 2005
Edition:2nd ed., 2002 rev. 2005 update
Subjects:

MARC

LEADER 00000cam a2200000 7i4500
001 0000018619
005 20070131.0
020 |a 0838935303 (loose-leaf without binder) 
040 |a INS 
090 0 0 |a Z694.15   |b A56A53 2002 
245 0 0 |a Anglo-American Cataloguing Rules :   |b prepared under the direction of the Joint Steering Committee for Revision of AACR, a committee of the American Library Association ...[et.al] 
250 |a 2nd ed., 2002 rev. 2005 update 
260 |a Chicago :   |b American Library Association ,   |c 2005 
300 |a 1 v. (Various paging) ;   |c 31 cm. 
500 |a Includes bibliographical references and index 
650 0 0 |a Descriptive Cataloguing Rules 
710 1 |a American Library Association 
710 1 |a Joint Steering Committee for Revision of AACR 
999 |a 0000018110   |b BOOK   |c Open Shelf   |e Default branch